[Event "CZE-ch U12 Girls"]
[Site "Kouty nad Desnou"]
[Date "2024.03.15"]
[Round "8"]
[White "Jencova, Anna"]
[Black "Najdkova, Laura"]
[Result "0-1"]
[WhiteElo "1497"]
[BlackElo "1509"]
[PlyCount "78"]
[EventDate "2024.03.09"]
[EventType "swiss"]
[EventRounds "9"]
[EventCountry "CZE"]
[SourceTitle "CB12_2024"]
[SourceDate "2023.10.01"]
[SourceVersion "1"]
[SourceVersionDate "2023.10.01"]
[SourceQuality "1"]

1. e4 e5 2. Nf3 Nf6 3. Nc3 Bb4 4. Bc4 d6 5. d3 0-0 6. 0-0 Be6 7. Bb3 Nbd7 8. Bg5 Bxc3 9. bxc3 h6 10. Bh4 Nc5 11. Re1 Bxb3 12. cxb3 Qe7 13. b4 Ne6 14. Qd2 Nf4 15. h3 Qe6 16. Rad1 N6h5 17. d4 c6 18. Kh2 Kh8 19. d5 cxd5 20. exd5 Qd7 21. c4 Rac8 22. Rc1 b6 23. g4 f6 24. Ng1 g5 25. Bg3 Nxg3 26. fxg3 Ng6 27. Qc2 Kg7 28. Rf1 b5 29. Qe4 bxc4 30. Rxc4 Rxc4 31. Qxc4 Rc8 32. Qe4 Qb5 33. Qf5 Rf8 34. a3 Ne7 35. Qf2 Nxd5 36. Qxa7+ Rf7 37. Qf2 Qd3 38. h4 Ne3 39. Ne2 Nxg4+ 0-1

[Event "CZE-ch U12 Girls"]
[Site "Kouty nad Desnou"]
[Date "2024.03.10"]
[Round "2"]
[White "Lackova, Lucie"]
[Black "Najdkova, Laura"]
[Result "1/2-1/2"]
[WhiteElo "1609"]
[BlackElo "1509"]
[PlyCount "96"]
[EventDate "2024.03.09"]
[EventType "swiss"]
[EventRounds "9"]
[EventCountry "CZE"]
[SourceTitle "CB12_2024"]
[SourceDate "2023.10.01"]
[SourceVersion "1"]
[SourceVersionDate "2023.10.01"]
[SourceQuality "1"]

1. e4 e5 2. Nf3 Nc6 3. d4 exd4 4. Nxd4 Bc5 5. Be3 Qf6 6. c3 Nge7 7. Bc4 d6 8. 0-0 0-0 9. Kh1 Be6 10. Nxe6 fxe6 11. Bxc5 dxc5 12. f3 Rad8 13. Qe2 Ng6 14. Na3 Nce5 15. Rad1 a6 16. Rxd8 Rxd8 17. Rd1 Rxd1+ 18. Qxd1 b5 19. Bf1 c4 20. Nc2 Nf4 21. Ne1 Qg5 22. g3 Nfd3 23. Nxd3 Nxd3 24. Bxd3 cxd3 25. f4 Qd8 26. b4 d2 27. Kg1 Qd3 28. Kf2 Kf8 29. e5 g6 30. a3 Ke7 31. g4 Kd7 32. a4 Kc6 33. Qh1+ Qd5 34. axb5+ axb5 35. Qd1 Qd3 36. Qh1+ Qd5 37. Qd1 Qd3 38. Qh1+ Kb6 39. Qd1 c5 40. bxc5+ Kxc5 41. h4 Kc4 42. g5 Kxc3 43. Qa1+ Kc2 44. Qa2+ Kc1 45. Qa1+ Qb1 46. Qc3+ Qc2 47. Qa1+ Qb1 48. Qc3+ Qc2 1/2-1/2

[Event "CZE-ch U10 Girls"]
[Site "Teplice"]
[Date "2023.03.13"]
[Round "3"]
[White "Najdkova, Laura"]
[Black "Topencikova, Ellen"]
[Result "1-0"]
[WhiteElo "1243"]
[BlackElo "1000"]
[PlyCount "77"]
[EventDate "2023.03.11"]
[EventType "swiss"]
[EventRounds "9"]
[EventCountry "CZE"]
[SourceTitle "CBM 213 Extra"]
[Source "ChessBase"]
[SourceDate "2023.05.31"]
[SourceVersion "1"]
[SourceVersionDate "2023.05.31"]
[SourceQuality "1"]

1. e4 c6 2. Nc3 d5 3. exd5 cxd5 4. d4 Nf6 5. Bb5+ Nc6 6. Bg5 e6 7. Nf3 Bd6 8. 0-0 0-0 9. Re1 h6 10. Bh4 Bd7 11. Qd3 Nb4 12. Qd2 Bxb5 13. Nxb5 Nc6 14. Nxd6 Qxd6 15. Bxf6 Rfc8 16. Be5 Qe7 17. Qf4 Nb4 18. Bd6 Qd7 19. Bxb4 Rxc2 20. Bc3 b5 21. Qe3 b4 22. Qd3 Rxc3 23. bxc3 bxc3 24. Qxc3 Rc8 25. Qe3 Qe7 26. Rac1 Rd8 27. Ne5 Qf6 28. Nc6 Rd7 29. Ne5 Re7 30. Rc8+ Kh7 31. Qd3+ g6 32. Qg3 Qg7 33. Re3 f6 34. Nc6 Rb7 35. h3 Rf7 36. Rxe6 Rd7 37. Re7 Rxe7 38. Nxe7 Qxe7 39. Rc7 1-0